00345nam a2200133Ia 4500008004100000082001300041100001900054245004700073250000800120260003000128300001400158500002400172650001500196230524s9999 xx 000 0 und d a612bVEN aS.K.Venkataram 0aBiomedical Electronics and Instrumentation a2ND aNEW DELHIbGalgotiac2003 aXXVII;528 aQuantity Number: 2 aBiomedical